5 Symphonies, 7 Overtures [of Felix Mendelssohn-Bartholdy] /
Contiene: Op. 11, 20, 21, 24, 26, 27, 32, 52, 56, 90, 95, 101 y 107.
Sparad:
| Huvudupphov: | |
|---|---|
| Institutionella upphov: | , |
| Övriga upphov: | , , , , , , |
| Materialtyp: | Ljudupptagning |
| Utgiven: |
Hamburgo, Alemania :
Deutsche Grammophon,
c1985-1988
|
| Serie: | (Collectors Edition)
|
| Ämnen: | |
| Taggar: |
Inga taggar, Lägg till första taggen!
|
MARC
| LEADER | 00000njm^a2200000^a^4500 | ||
|---|---|---|---|
| 001 | 000301530 | ||
| 005 | 20251020000000.0 | ||
| 009 | 20260310112548.15 | ||
| 037 | |a Acervo ITESO - Biblioteca | ||
| 041 | |a SON | ||
| 082 | |a 784. 07 |b MEN FEL | ||
| 100 | |a Mendelssohn-Bartholdy, Felix |e (música) | ||
| 240 | 1 | 1 | |a [Sinfonías, de Felix Mendelssohn-Bartholdy] |
| 240 | 1 | 1 | |a [Sinfonía N° 1, de Felix Mendelssohn-Bartholdy] |
| 240 | 1 | 1 | |a [Sinfonía Lobgesang] |
| 240 | 1 | 1 | |a [Sinfonía Escocesa] |
| 240 | 1 | 1 | |a [Sinfonía Italiana] |
| 240 | 1 | 1 | |a [Sinfonía N° 5, de Felix Mendelssohn-Bartholdy] |
| 240 | 1 | 1 | |a [Sinfonía de la Reforma] |
| 240 | 1 | 1 | |a [Oberturas, de Felix Mendelssohn-Bartholdy] |
| 245 | 1 | 0 | |a 5 Symphonies, 7 Overtures [of Felix Mendelssohn-Bartholdy] / |c Música de F. Mendelssohn-Bartholdy ; ejecución musical de la London Symphony Orchestra ; voz del London Symphony Chorus ; soprano E. Connell, K. Mattila ; tenor H.P. Blochwitz; dir. musical de C. Abbado ; texto del folleto de A. Burton, V. Scherliess, J.A. Ménétrier ; tr. por Michael Talbot, Alain Jomy, Jacques Fournier. |
| 264 | 4 | |a Hamburgo, Alemania : |b Deutsche Grammophon, |c c1985-1988 | |
| 300 | |a 4 discos compactos sonoros (73, 75, 72, 70 min.) + |e 1 folleto (24 p.) | ||
| 336 | |a música interpretada |b prm |2 rdacontenido | ||
| 337 | |a audio |b s |2 rdamedio | ||
| 338 | |a disco sonoro |b sd |2 rdasoporte | ||
| 440 | 1 | |a (Collectors Edition) | |
| 520 | |a Contiene: Op. 11, 20, 21, 24, 26, 27, 32, 52, 56, 90, 95, 101 y 107. | ||
| 546 | |a Edición trilingüe alemán-francés-inglés (folleto) | ||
| 649 | |a XX | ||
| 650 | |a Músicos Alemanes | ||
| 650 | |a Artistas Alemanes | ||
| 650 | |a Sinfonía - |x Tema Principal | ||
| 650 | |a Sinfonía - |z Alemania | ||
| 650 | |a Obertura - |z Alemania | ||
| 650 | |a Música Romántica - |z Alemania | ||
| 650 | |a Música Sinfónica - |z Alemania | ||
| 650 | |a Música de Concierto - |z Alemania | ||
| 650 | |a Música Alemana - |y Siglo XIX | ||
| 710 | |a London Symphony Orchestra |e (ejecución musical) | ||
| 710 | |a London Symphony Chorus |e (voz) | ||
| 700 | |a Connell, Elizabeth |e (voz) | ||
| 700 | |a Mattila, Karita |e (voz) | ||
| 700 | |a Blochwitz, Hans Peter |e (voz) | ||
| 700 | |a Abbado, Claudio |e (dirección musical) | ||
| 700 | |a Burton, Anthony |e (texto del folleto) | ||
| 700 | |a Scherliess, Volker |e (texto del folleto) | ||
| 700 | |a Ménétrier, Jean-Alexandre |e (texto del folleto) | ||
| 910 | |a Fondo General | ||
| 920 | |a Sonoros - CDs | ||
| 940 | |a CDs de Música | ||
| 905 | |a 401 | ||
| 901 | |a 0500187800 |b IT2 |c CDM |i C94177 |u 20250521 | ||
| 901 | |a 0500187803 |b IT2 |c CDM |i C94178 |u 20250521 | ||
| 901 | |a 0500187806 |b IT2 |c CDM |i C94179 |u 20250521 | ||
| 901 | |a 0500187809 |b IT2 |c CDM |i C94180 |u 20250521 | ||
| 901 | |a 0500187829 |b IT2 |c MIM |u 20251020 | ||
| 902 | |a https://opac.biblio.iteso.mx/vufind/Record/000301530 | ||